000 00388nam a22001577a 4500
999 _c7791
_d7789
005 20210326105224.0
008 210326b ||||| |||| 00| 0 eng d
020 _a978-93-87394-73-5
041 _aeng
100 _aKHOSLA, PREM KUMAR
_96512
245 _aTRYSTS WITH KARMA AN AUTOBIOGRAPHY
260 _aNEW DELHI
_bMATRIX
300 _a302,p
650 _abiography
_96513
942 _cBK